header

Learning to salsa (Record no. 99597)

MARC details
000 -LEADER
fixed length control field 01653nam a2200409Ia 4500
082 04 - DEWEY DECIMAL CLASSIFICATION NUMBER
Classification number 327.730729109/0511
100 1# - MAIN ENTRY--AUTHOR NAME
Personal name Huddleston, Vicki.
245 10 - TITLE STATEMENT
Title Learning to salsa
260 ## - PUBLICATION, DISTRIBUTION, ETC. (IMPRINT)
Place of publication Washington, D.C. :
Name of publisher Brookings Institution Press,
Year of publication c2010.
300 ## - PHYSICAL DESCRIPTION
Number of Pages xiv, 245 p.
650 #0 - SUBJECT ADDED ENTRY--TOPICAL TERM
Topical Term Engagement (Philosophy)
Topical Term Political games.
Topical Term Role playing
Topical Term Social change
700 1# - ADDED ENTRY--PERSONAL NAME
Personal name Pascual, Carlos.
856 40 - ELECTRONIC LOCATION AND ACCESS
Uniform Resource Identifier http://site.ebrary.com/lib/rucke/Doc?id=10373399

No items available.

© 2026 Rongo University
Contact us: librarian | system librarian | Rongo university